000 00474nam a22001577a 4500
008 150218b xxu||||| |||| 00| 0 eng d
020 _a9781931709767
050 _aBX4700.C754
100 _aConroy, Susan
_915295
245 _aMother Teresa's
_blessons of love and secrets of sanctivity
_cSusan Conroy
260 _aIndiana
_bOur Sunday visitor
_c2003
300 _a239p. ;
_c21cm.
650 _aTeresa, Mother
_915296
658 _aConroy, Susan
942 _2lcc
_cMONOGRAPH
999 _c122099
_d122099